000 00418nam a22001697a 4500
005 20160511111830.0
008 160511b xxu||||| |||| 00| 0 eng d
020 _a978-0-07-065614-2
041 _aeng
082 _b1243
100 _aJain P.H. Khan M.Y
_9429
245 _aFinancial Management Policy.
260 _aNew Delhi
_bTata MC Graw Hill,
_c2007
300 _a3725
650 _aManagement
_9241
942 _cBK
999 _c517
_d517